گلد ستہء نگا ہ (Record no. 95275)

MARC details
000 -LEADER
fixed length control field 00668nam a22002177a 4500
005 - DATE AND TIME OF LATEST TRANSACTION
control field 20150728114232.0
008 - FIXED-LENGTH DATA ELEMENTS--GENERAL INFORMATION
fixed length control field 140714b xxu||||| |||| 00| 0 Urdu d
010 ## - LCCN (DPL NO)
LC control number UR-9245
020 q# - INTERNATIONAL STANDARD BOOK NUMBER
Terms of availability 100.00
035 ## - SYSTEM CONTROL NUMBER
System control number U-7800
037 ## - SOURCE OF ACQUISITION
Source of stock number/acquisition DBAD/Pub.
040 ## - CATALOGING SOURCE
Original cataloging agency DPL
Language of cataloging Urdu
082 ## - DEWEY DECIMAL CLASSIFICATION NUMBER
Classification number 841
100 ## - MAIN ENTRY--PERSONAL NAME
Personal name شر ف الد ين سا حل
245 ## - TITLE STATEMENT
Title گلد ستہء نگا ہ
Statement of responsibility, etc شر ف الد ين سا حل
246 ## - VARYING FORM OF TITLE
Title proper/short title Guldasta-e-Nigah
Remainder of title Dr. M.Sharfuddin Sahil
260 ## - PUBLICATION, DISTRIBUTION, ETC. (IMPRINT)
Place of publication, distribution, etc Nagpur
Date of publication, distribution, etc 2011
Name of publisher, distributor, etc Aleem Printers
270 ## - ADDRESS
Address Haideri Road, Momin Pura,
City Nagpur
Postal code 440018
Telephone number 09021106538
300 ## - PHYSICAL DESCRIPTION
Extent 176ص
Dimensions 22Cm (Hb)
942 ## - ADDED ENTRY ELEMENTS (KOHA)
Source of classification or shelving scheme Dewey Decimal Classification
Item type Urdu Bks
Edition
Classification part 841
Call number suffix م ح م
Holdings
Withdrawn status Lost status Source of classification or shelving scheme Damaged status Not for loan Collection code Home library Current library Date acquired Source of acquisition Cost, normal purchase price Total Checkouts Full call number Barcode Date last seen Copy number Cost, replacement price Koha item type
    Dewey Decimal Classification   Not For Loan Non-fiction D.B.Act.Division D.B.Act.Division 28/07/2015 DBAD/Pub. 100.00   841 م ح م U-7800 28/07/2015 1 100.00 Urdu Bks

© Delhi Public Library
Hit Counter
free hit counter